Accesos viales al Gran Valparaíso
Salvato in:
| Autori principali: | , , , , , , , |
|---|---|
| Natura: | Libro |
| Lingua: | spagnolo |
| Pubblicazione: |
Santiago
MIDEPLAN
1987
|
| Serie: | Programa de Adiestramiento en Preparación y Evaluación de Proyectos
|
| Soggetti: | |
| Tags: |
Aggiungi Tag
Nessun Tag, puoi essere il primo ad aggiungerne!!
|
MARC
| LEADER | 00000nam a2200000 a 4500 | ||
|---|---|---|---|
| 001 | UCH4709 | ||
| 003 | CL-VaPUC | ||
| 008 | 090903e19870000CL |||||||||||||||||spa|d | ||
| 082 | 0 | 4 | |a 388.12 |b ACU |2 21 |
| 100 | 0 | |a Acuña M., Silvana |e author |9 540467 | |
| 651 | 0 | |a Valparaíso, Chile |9 261144 | |
| 700 | 0 | |a Barrios R., Claudio |e author |9 540468 | |
| 700 | 0 | |a Gaggero B., Alexander |e author |9 540469 | |
| 700 | 0 | |a Hauck F., Félix |e author |9 540470 | |
| 700 | 0 | |a Riquelme E., Juan de Dios |e author |9 540471 | |
| 700 | 0 | |a Saldaña V., Juan |e author |9 540472 | |
| 700 | 0 | |a Ugalde A., Juan Alberto |e author |9 540473 | |
| 700 | 0 | |a Valdés Ch., Hernán |e author |9 540474 | |
| 245 | 1 | 0 | |a Accesos viales al Gran Valparaíso |
| 300 | |a 581 p | ||
| 942 | |c BK | ||
| 945 | |d 20090903 00:00:00 |a rbrito | ||
| 260 | |a Santiago |b MIDEPLAN |c 1987 | ||
| 650 | 0 | |a Carreteras |9 260132 | |
| 650 | 0 | |a Transporte urbano |9 260307 | |
| 650 | 0 | |a Red vial |9 540466 | |
| 650 | 0 | |a Construcción de carreteras |9 260999 | |
| 583 | |a last modification |c 20090903 00:00:00 |k Rodrigo Vera | ||
| 490 | 0 | |a Programa de Adiestramiento en Preparación y Evaluación de Proyectos | |
| 999 | |c 335980 |d 335978 | ||
| 952 | |0 0 |1 0 |4 0 |6 388_120000000000000_ACU_1987 |7 0 |8 A |9 426843 |a BIBING |b BIBING |d 2019-11-22 |i 4595629 |o 388.12 ACU 1987 |p 4595629 |r 2025-01-20 |w 2019-11-22 |y BK |k TRA | ||